Ο Μέγας Κωνσταντίνος και η διαμόρφωση του Βυζαντινού κράτους
Αποθηκεύτηκε σε:
| Κύριος συγγραφέας: | |
|---|---|
| Μορφή: | Βιβλίο |
| Γλώσσα: | Greek |
| Δημοσίευση: |
Αθήνα :
Βιβλιοπωλείο των Βιβλιόφιλων,
1986
|
| Σειρά: | Μικρή μυριόβιβλος ;
; 3 |
| Θέματα: | |
| Ετικέτες: |
Προσθήκη ετικέτας
Δεν υπάρχουν, Καταχωρήστε ετικέτα πρώτοι!
|
MARC
| LEADER | 00000cam a2200000 i 4500 | ||
|---|---|---|---|
| 001 | 1/59628 | ||
| 008 | 020326s1986 gre d | ||
| 035 | |l 10000533 | ||
| 040 | |a GR-MY-UA |b gre |e aacr | ||
| 041 | 0 | |a gre | |
| 082 | 0 | |a 938.3 | |
| 100 | 0 | |a Βλαχοπούλου, Φωτεινή. | |
| 245 | 1 | 2 | |a Ο Μέγας Κωνσταντίνος και η διαμόρφωση του Βυζαντινού κράτους / |c Φωτεινή Θ. Βλαχοπούλου |
| 260 | |a Αθήνα : |b Βιβλιοπωλείο των Βιβλιόφιλων, |c 1986 | ||
| 300 | |a 86 σ. | ||
| 490 | 1 | |a Μικρή μυριόβιβλος |v ; 3 | |
| 651 | 0 | |a Byzantine Empire |x History. | |
| 830 | 0 | |a Μικρή μυριόβιβλος ; |v ; 3 | |
| 852 | |a INST |b RHODES |e 20020326 |h 938.3 ΒΛΑ |p 005400016612 |q 005400016612 |t BK |y 0 | ||
| 852 | |a INST |b RHODES |e 20020326 |h 938.3 ΒΛΑ |p 005400016613 |q 005400016613 |t BK |y 0 | ||
| 852 | |a INST |b RHODES |e 20020326 |h 938.3 ΒΛΑ |p 005400016614 |q 005400016614 |t BK |y 0 | ||
| 901 | |a BIBL4-2002-1 | ||
| 909 | |a Ρ |b 085315 | ||
| 909 | |a Ρ |b 085316 | ||
| 909 | |a Ρ |b 085317 | ||
| 970 | |a ΚΟΥΛΑΚΙΟΤΗ |b ΛΙΤΣΑ |z 2002/03/26 | ||